| 000 | 00516nam a2200157 i 4500 | ||
|---|---|---|---|
| 001 | 54917 | ||
| 003 | ES-MaACL | ||
| 005 | 20230906163040.0 | ||
| 007 | t| | ||
| 008 | 040128s1929 sp ||||1| spa d | ||
| 245 | 0 | 3 |
_aLa ganadería española / _cExcma. Asociación General de Ganaderos. |
| 260 |
_aMadrid : _bAsociación General de Ganaderos, _c[1929] ( _fRivadeneyra) |
||
| 300 |
_a[56] h., [63] lám., [8] map. ; _c25 cm. |
||
| 710 | 2 |
_aAsociación General de Ganaderos (España) _91713 |
|
| 852 |
_aES-MaACL _jB-526 |
||
| 999 |
_c54917 _d54917 |
||